| Tag |
First Indicator |
Second Indicator |
Subfields |
| LEADER |
00000cam a2200000 4500 |
| 001 |
in00001355430 |
| 005 |
20151006062006.0 |
| 008 |
760408s1882 nyubcfh 001 0beng |
| 010 |
|
|
|a 01001317
|
| 035 |
|
|
|a (OCoLC)02100358
|
| 035 |
|
|
|9 AHG5554AM
|
| 040 |
|
|
|a DLC
|c MRC
|d MRC
|d SER
|d TXA
|d UtOrBLW
|
| 049 |
|
|
|a TXAM
|
| 050 |
|
0 |
|a E233
|b .J67 1882
|
| 050 |
0 |
0 |
|a E233
|b .J67
|
| 100 |
1 |
|
|a Johnson, John,
|c Sir,
|d 1742-1830.
|
| 245 |
1 |
0 |
|a Orderly book of Sir John Johnson during the Oriskany Campaign, 1776-1777 /
|c annotated by William L. Stone ... with an historical introduction illustrating the life of Sir John Johnson, Bart., by J. Watts de Peyster ... and some tracings from the footprints of the Tories or loyalists in America, contributed by Theodorus Bailey Myers.
|
| 264 |
|
1 |
|a Albany :
|b J. Munsell's Sons,
|c 1882.
|
| 300 |
|
|
|a 475 unnumbered pages :
|b frontispiece, plates, portraits, folded map, facsimiles ;
|c 22 x 18 cm.
|
| 336 |
|
|
|a text
|b txt
|2 rdacontent
|
| 337 |
|
|
|a unmediated
|b n
|2 rdamedia
|
| 338 |
|
|
|a volume
|b nc
|2 rdacarrier
|
| 490 |
1 |
|
|a Munsell's historical series ;
|v no. 11
|
| 500 |
|
|
|a Various pagings.
|
| 650 |
|
0 |
|a Oriskany, Battle of, N.Y., 1777.
|
| 700 |
1 |
|
|a Stone, William L.
|q (William Leete),
|d 1835-1908.
|
| 700 |
1 |
|
|a De Peyster, J. Watts
|q (John Watts),
|d 1821-1907.
|
| 700 |
1 |
|
|a Myers, Theodorus Bailey,
|d 1821-1888.
|
| 830 |
|
0 |
|a Munsell's historical series ;
|v no. 11.
|
| 999 |
|
|
|a MARS
|
| 999 |
f |
f |
|s 253336e3-505f-3c10-b0a9-19eaffe106aa
|i 76c5948b-624b-387e-b008-3110f46ac65c
|t 0
|
| 952 |
f |
f |
|p noncirc
|a Texas A&M University
|b College Station
|c Cushing Memorial Library & Archives
|d Cushing: Ragan Military (Does not check out)
|t 0
|e E233 .J67 1882
|h Library of Congress classification
|i unmediated -- volume
|
| 998 |
f |
f |
|a E233 .J67 1882
|t 0
|l Cushing: Ragan Military (Does not check out)
|